| 000 | 00976nam a22002177a 4500 | ||
|---|---|---|---|
| 999 |
_c7101 _d7101 |
||
| 003 | AR-CdUCM | ||
| 008 | 190319b ||||| |||| 00| 0 spa d | ||
| 040 |
_aMUNICIPALIDAD PROVINCIAL DEL CUSCO _cBIBLIOTECA MUNICIPAL DEL CUSCO |
||
| 082 |
_a591.7 / _bL71 |
||
| 100 |
_aLiebermann, Jose _920004 |
||
| 245 |
_aCurso de Zoología : _bDe acuerdo con los programas del ciclo Básico común a los estudios del bachillerato y magisterio y de escuelas de comercio / |
||
| 260 |
_aBuenos Aires : _bKapelusz, _c1959. |
||
| 300 |
_a497 paginas ; _bIlustraciones, _c20 cm. |
||
| 505 | _aContenido :La vida animal en el agua --La respiración --Animales de respiración difusa --Animales de respiración bronquial --Animales de vida acuática y terrestre --La conquista definitiva de la tierra ... | ||
| 650 |
_aZoologia _920005 |
||
| 650 |
_aRespiracion _920006 |
||
| 650 |
_aAnimales acuáticos _920007 |
||
| 650 |
_aAnimales terrestres _920008 |
||
| 942 |
_2ddc _cLIBROS |
||
| 945 | _arjall | ||